Monach, kotoryj prodal svoj "ferrari" istorija ob ispolnenii želanij i postiženii suďby
Saved in:
| Main Author: | |
|---|---|
| Format: | Book |
| Language: | Russian |
| Published: |
Moskva
Sofija
2012
|
| Subjects: | |
| Tags: |
No Tags, Be the first to tag this record!
|
MARC
| LEADER | 00000nam a2200000 4500 | ||
|---|---|---|---|
| 001 | 0179239 | ||
| 005 | 20240311131302.4 | ||
| 020 | |a 978-5-399-00336-8 | ||
| 041 | 0 | |a rus | |
| 044 | |a RU | ||
| 245 | 1 | 0 | |a Monach, kotoryj prodal svoj "ferrari" |b istorija ob ispolnenii želanij i postiženii suďby |c Robin Šarma |
| 264 | 1 | |a Moskva |b Sofija |c 2012 | |
| 300 | |a 219 s. | ||
| 610 | 2 | 0 | |a psychológia |
| 610 | 2 | 0 | |a úroveň životná |
| 610 | 2 | 0 | |a vorkoholizmus |
| 610 | 2 | 0 | |a sebapoznanie |
| 610 | 2 | 0 | |a hygiena duševná |
| 100 | 1 | |a Šarma, Robin | |